HSMTMTS CHARACTERS - Statistics

General Stats
  • This quiz has been taken 97 times
  • The average score is 5 of 6
Answer Stats
Hint Answer % Correct
Nini Gabriella
100%
Ricky Troy
99%
EJ Chad
95%
Seb Sharpay
90%
Gina Taylor
78%
Ashley Ms. Darbus
68%
No matching quizzes found
Score Distribution
Percent of People with Each Score
Percentile by Number Answered
Your Score History
You have not taken this quiz